| 000 | 01097ndm a22002415i 4500 | ||
|---|---|---|---|
| 001 | C00069537c | ||
| 005 | 20241029151428.0 | ||
| 008 | 150622s1931 xx sgz | n ita d | ||
| 035 | _aCCPB001221432-9 | ||
| 040 |
_aCCPB-AB _bspa _cCCPB-AB _erdc |
||
| 100 | 1 |
_aGastaldon, Stanislao ( _d1861-1939) _922525 |
|
| 245 | 1 | 0 |
_aMusica Proibita [ _hMúsica notada manuscrita] _b: melodía, op. 5 / _cmúsica di S. Gastaldon ; parole di Flick-Flock. |
| 260 | _c1931. | ||
| 300 |
_a1 partitura (5 p.) ; _c31 cm. |
||
| 500 | _aCopia manuscrita de la edición: "A. & G. Carish & C. Editori Milano; c. 1750; Tutti i diritti d'autore sone riservati", reproduciendo todas las indicaciones musicales de interpretación. | ||
| 594 | _aTítulo y mención de responsabilidad tomados de cabecera. | ||
| 596 | _aFecha tomada de la p. 5: "C-25-3-931" | ||
| 650 | 4 |
_aCanciones con piano. _96553 |
|
| 700 | 1 |
_aGastaldon, Stanislao ( _d1861-1939), _eletrista. _922525 |
|
| 852 |
_aM-RABA, _jM-8183 -- _zAnotación manuscrita a lápiz en cabecera: "(ver E. Caruso)" |
||
| 999 |
_c65987 _d65987 |
||